Govt. of
Madhya Pradesh

social awakening in north india voice of protest (Record no. 69007)

MARC details
000 -LEADER
fixed length control field 00275nam a22001097a 4500
082 ## - DEWEY DECIMAL CLASSIFICATION NUMBER
Classification number 200/YAD
100 ## - MAIN ENTRY--AUTHOR NAME
Personal name Yadav,Atul
245 ## - TITLE STATEMENT
Title social awakening in north india voice of protest
260 ## - PUBLICATION, DISTRIBUTION, ETC. (IMPRINT)
Place of publication Delhi
Name of publisher Nirmal publishing house
Year of publication 2020
650 ## - SUBJECT ADDED ENTRY--TOPICAL TERM
Topical Term Religion
942 ## - ADDED ENTRY ELEMENTS (KOHA)
Koha item type Books
Holdings
Withdrawn status Lost status Damaged status Not for loan Home library Current library Date acquired Cost, normal purchase price Full call number Accession Number Price effective from Koha item type
        MACL MACL 09/04/2026 995.00 200/YAD CRE040452 09/04/2026 Books